Communicating today : (Record no. 25549)

MARC details
000 -LEADER
fixed length control field 00619nam a22002055a 4500
005 - DATE AND TIME OF LATEST TRANSACTION
control field 20171109124317.0
008 - FIXED-LENGTH DATA ELEMENTS--GENERAL INFORMATION
fixed length control field 171109t2003 maua frb 001 0 eng d
020 ## - INTERNATIONAL STANDARD BOOK NUMBER
International Standard Book Number 0205332412
020 ## - INTERNATIONAL STANDARD BOOK NUMBER
International Standard Book Number 9780205332410
082 04 - DEWEY DECIMAL CLASSIFICATION NUMBER
Classification number 302.2
Item number ZEU
Edition number 22
100 1# - MAIN ENTRY--PERSONAL NAME
Personal name Zeuschner, Raymond F.
245 10 - TITLE STATEMENT
Title Communicating today :
Remainder of title the essentials /
Statement of responsibility, etc Raymond Zeuschner.
260 ## - PUBLICATION, DISTRIBUTION, ETC. (IMPRINT)
Place of publication, distribution, etc Boston :
Name of publisher, distributor, etc Allyn and Bacon,
Date of publication, distribution, etc c.2003.
300 ## - PHYSICAL DESCRIPTION
Extent xviii, 333 p. :
Other physical details ill. ;
Dimensions 24 cm.
504 ## - BIBLIOGRAPHY, ETC. NOTE
Bibliography, etc Includes bibliographical references and index.
650 #7 - SUBJECT ADDED ENTRY--TOPICAL TERM
Topical term or geographic name as entry element Communication.
Source of heading or term BUEsh
651 ## - SUBJECT ADDED ENTRY--GEOGRAPHIC NAME
Source of heading or term BUEsh
653 ## - INDEX TERM--UNCONTROLLED
Resource For college Communication and mass media
Arrived date list November2017
942 ## - ADDED ENTRY ELEMENTS (KOHA)
Source of classification or shelving scheme Dewey Decimal Classification
Holdings
Withdrawn status Item status Source of classification or shelving scheme Damaged status Not for loan Home library Current library Shelving location Date acquired Source of acquisition Total Checkouts Total Renewals Full call number Barcode Date last seen Date last borrowed Koha item type
    Dewey Decimal Classification     Central Library Central Library First floor 09/11/2017 Donation 1 22 302.2 ZEU 000042429 15/07/2025 14/02/2019 Book - Borrowing